000 01178naa a22003017a 4500
001 BR9403323
003 BR-BrBNA
005 20240918181224.0
007 ta
008 230509b bl.||||| |||| 00| 0 por d
040 _aBR-BrBNA
_bpor
_cBiblioteca Nacional de Agricultura
041 _a(Es)
072 _aE16; E70
_b1800
090 _aE16 BR9403323
100 1 _aZarote, N.A.H.
111 1 _a24. Congresso Brasileiro de Olericultura1. Reuniao Latino-Americana de Olericultura
_cJaboticabal, SP (Brazil)
_d16-21 Jul 1984
245 1 _aLa situacion de la olericultura en el Equador
260 3 _aBrasilia, DF (Brasil):
_c1984.
500 _aAnais do 24. Congresso Brasileiro de Olericultura e 1. Reuniao Latino-Americana de Olericultura Brasilia, DF (Brasil): 1984. p. 205-213 (BR9403323-AM)E16
650 _aOlericultura
650 _aProducao
650 _aComercializacao
650 _aPolitica Agricola
650 _aEquador
773 0 _tAnais do 24. Congresso Brasileiro de Olericultura e 1. Reuniao Latino-Americana de Olericultura
_wE16 BR9403323
_gBrasilia, DF (Brasil), 1984. p. 205-213
909 _a202404
_bLucia
_c55
_dLucia Elande
942 _cAM
_2AGRIS
999 _c324189
_d324189